On This Day: November 30th Quiz Stats

 Plays Quiz Updated Nov 30, 2017

Score 0/7 Timer 03:00
0 Plays Today
Question Answer Wrong Answers
American novelist Samuel Clemens is born. He is better known by this pen name.
1835
Mark Twain
94.1%
Edgar Allan Poe
3.6%
Jack London
1%
William Faulkner
1.2%
Michael Jackson releases this album, which eventually becomes the best-selling record album in history.
1982
Thriller
87.9%
Off The Wall
2.1%
Bad
6.4%
Ben
0.4%
This Jeopardy! contestant's 74 game winning streak, reportedly responsible for a 22% rise in the show's ratings, comes to an end.
2004
Ken Jennings
79.9%
Jason Sterlacci
5.8%
Brad Rutter
7.1%
Julia Collins
2.7%
Soviet forces cross the Finnish border in several places, bombing Helsinki and other Finnish cities, and thus starting the ______.
1939
Winter War
76.9%
Finnish Civil War
12%
Great Patriotic War
4.3%
Battle of Moscow
6.1%
The first modern instance of a person being struck by a _____ occurs in Sylacauga, Alabama.
1954
Meteorite
58.9%
Satellite
13.4%
Lightning bolt
25.5%
Smooth criminal
0.8%
Barbados gains its independence from this nation.
1966
United Kingdom
58.3%
United States
2.7%
France
16.8%
Spain
19.8%
In this US city, demonstrations against a World Trade Organization meeting by anti-globalization protesters catch police unprepared, forcing the cancellation of opening ceremonies.
1999
Seattle
50.2%
Portland
6.1%
San Francisco
15.4%
Los Angeles
24.1%

You're not logged in!

Compare scores with friends on all Sporcle quizzes.
OR
Log In

Show Comments

Extras

Top Quizzes Today


Score Distribution

Your Account Isn't Verified!

In order to create a playlist on Sporcle, you need to verify the email address you used during registration. Go to your Sporcle Settings to finish the process.

Report this User

Report this user for behavior that violates our Community Guidelines.

Details: